Effect of dry sweet potato in mixed nutrition on growth of hubbard broiler chicken (ឥទ្ធិពលនៃការប្រើប្រាស់មើមដំឡូងជ្វាស្ងួតក្នុងចំណីផ្សំលើការលូតលាស់របស់មាន់សាច់ពូជHUBBARD) (Record no. 1859)
[ view plain ]
| 000 -LEADER | |
|---|---|
| fixed length control field | 00697nam a22001577a 4500 |
| 003 - CONTROL NUMBER IDENTIFIER | |
| control field | OSt |
| 005 - DATE AND TIME OF LATEST TRANSACTION | |
| control field | 20151004093349.0 |
| 008 - FIXED-LENGTH DATA ELEMENTS--GENERAL INFORMATION | |
| fixed length control field | 151004b xxu||||| |||| 00| 0 eng d |
| 040 ## - CATALOGING SOURCE | |
| Transcribing agency | RUA |
| 082 ## - DEWEY DECIMAL CLASSIFICATION NUMBER | |
| Classification number | AVM VEN 2002 B073 Or.1 |
| 100 ## - MAIN ENTRY--PERSONAL NAME | |
| 9 (RLIN) | 1966 |
| Personal name | VENN, VUTHY. |
| 245 ## - TITLE STATEMENT | |
| Title | Effect of dry sweet potato in mixed nutrition on growth of hubbard broiler chicken (ឥទ្ធិពលនៃការប្រើប្រាស់មើមដំឡូងជ្វាស្ងួតក្នុងចំណីផ្សំលើការលូតលាស់របស់មាន់សាច់ពូជHUBBARD) |
| 260 ## - PUBLICATION, DISTRIBUTION, ETC. (IMPRINT) | |
| Place of publication, distribution, etc. | Phnom Penh |
| Name of publisher, distributor, etc. | RUA |
| Date of publication, distribution, etc. | 2002 |
| 300 ## - PHYSICAL DESCRIPTION | |
| Extent | vii,44p. |
| Other physical details | ill. |
| Dimensions | 29cm. |
| 942 ## - ADDED ENTRY ELEMENTS (KOHA) | |
| Source of classification or shelving scheme | |
| Koha item type | AVM |
| Price effective from | Date last seen | Permanent Location | Not for loan | Date acquired | Source of classification or shelving scheme | Koha item type | Lost status | Withdrawn status | Date last checked out | Total Checkouts | Shelving location | Damaged status | Barcode | Current Location | Full call number |
|---|---|---|---|---|---|---|---|---|---|---|---|---|---|---|---|
| 2015-10-04 | 2019-07-16 | Library Block B | 2015-10-04 | AVM | 2019-06-25 | 2 | B073 | RUA017177 | Library Block B | AVM VEN 2002 B073 Or.1 | |||||
| 2015-10-04 | 2019-12-09 | Library Block B | 2015-10-04 | AVM | 2019-11-27 | 2 | B073 | RUA017075 | Library Block B | AVM VEN 2002 B073 Or.2 | |||||
| 2015-10-04 | 2023-08-23 | Library Block B | 2015-10-04 | AVM | 2023-08-01 | 2 | B073 | RUA017218 | Library Block B | AVM VEN 2002 B073 Or.3 | |||||
| 2015-10-04 | 2015-10-04 | Library Block B | 2015-10-04 | AVM | B073 | RUA017292 | Library Block B | AVM VEN 2002 B073 Or.4 | |||||||
| 2015-10-04 | 2015-10-04 | Library Block B | 2015-10-04 | AVM | B073 | RUA017032 | Library Block B | AVM VEN 2002 B073 Or.5 | |||||||
| 2015-10-04 | 2020-01-03 | Library Block B | 2015-10-04 | AVM | 2019-12-02 | 1 | B073 | RUA016572 | Library Block B | AVM VEN 2002 B073 Or.6 |